000 00321nam a2200121 a 4500
005 20140414132108.0
008 110115s19uu xx 00 eng d
050 _aM 398.2
_bT55 2010
245 _aToy Story, Storybook Collection.
260 _bParragon,
_c2010.
440 _aDisney Storybook Collection
999 _c114665
_d114665